20 Biggest Cities in Ohio - Statistics

General Stats
  • This quiz has been taken 80 times
  • The average score is 12 of 20
Answer Stats
Hint Answer % Correct
311,595 Cincinnati
98%
915,427 Columbus
98%
359,606 Cleveland
97%
134,850 Dayton
94%
188,219 Akron
92%
263,646 Toledo
90%
58,847 Youngstown
73%
68,718 Canton
68%
57,910 Springfield
53%
78,281 Parma
50%
65,374 Lorain
47%
62,859 Hamilton
42%
50,638 Cuyahoga Falls
39%
53,261 Elyria
39%
47,769 Mansfield
35%
48,783 Dublin
34%
51,629 Middletown
34%
56,558 Kettering
27%
48,841 Lakewood
27%
51,389 Newark
26%
No matching quizzes found
Score Distribution
Percent of People with Each Score
Percentile by Number Answered
Your Score History
You have not taken this quiz